=LDR 00000nam 2200000 4500 =001 INLIS000000000027264 =005 20130612125642 =008 ***********************************Ind** =035 ##$$0010-061300000027264 =041 ##$$a Ind =082 ##$$a 787.3 =090 ##$$a 787.3, Gun b =100 ##$$a Gunawan, William =245 ##$$a Bermain gitar dengan teknik tabulasi mengiringi lagu sesuai dengan petikan aslinya, William Gunawan ; penyunting, Fuad Izzudin =260 ##$$a 2005 $b Jakarta =300 ##$$a vii, 92 hlm, ilus, 23 cm =650 ##$$a Gitar, Bermain =700 ##$$a Izzudin, Fuad =850 ##$$a NBPNMAT